000 01394nam0a22002771 4500
001 v19\rc\1687310
005 20250619050134.0
035 _a(NLR Aleph) 004833490
090 _a4746723
_c4746723
100 _a20061002d1896 |||y0rusy50 ca
101 0 _arus
102 _aRU
105 _ay z |||||
200 1 _aПо поводу статьи ч. пр. Э.Ф. Беллина "Судебно-медицинская экспертиза в деле мултанских вотяков, обвиняемых в принесении человеческой жертвы языческим богам". (Врач, 1896 г., № 12)
_fПроф. суд. мед. Ф. Патенко
210 _aХарьков
_cтип. Губ. правл.
_d1896
215 _a[2], 25 с.
_d24
604 _150010$aСудебно-медицинская экспертиза в деле мултанских вотяков, обвиняемых в принесении человеческой жертвы языческим богам
_1700#1$aБеллин$bЭ.Ф.$f1852-1902$gЭмилий Федорович
700 1 _aПатенко
_bФ.А.
_f1851-1911
_gФеодосий Алексеевич
801 0 _aRU
_bNLR
_gpsbo
801 0 _aRU
_bRuMoRGB
_2psbo
801 1 _aRU
_bProSoft-M
_2rusmarc
852 _aNLR
_j20.95.3.345
899 _aRuMoRGB
_jA 245/108
899 _aБАН
942 _cBOOK
980 _aNB